=LDR 00000nam 2200000 4500 =001 INLIS000000000015639 =005 20130612110919 =008 ***********************************Indo** =035 ##$$0010-061300000015639 =041 ##$$a Indo =082 ##$$a 268 =090 ##$$a 268, Pen p =245 ##$$a Pendidikan Agama Katolik Untuk SLTP Siswa 1c Caturwulan III, Semakin Mengenal Yesus, Drs.Al.Soenarto,SW dkk =250 ##$$a Seri Murid-Murid Yesus =260 ##$$a 1994 $b Yogyakarta =300 ##$$a 46 hlm, ilus, 19 cm =650 ##$$a Agama Katolik-SLTP =700 ##$$a Drs.T.M.Sriyono Drs.A.Y.sopodo =850 ##$$a NBPNMAT